<?xml version="1.0" encoding="UTF-8"?>
<record
    xmlns:xsi="http://www.w3.org/2001/XMLSchema-instance"
    xsi:schemaLocation="http://www.loc.gov/MARC21/slim http://www.loc.gov/standards/marcxml/schema/MARC21slim.xsd"
    xmlns="http://www.loc.gov/MARC21/slim">

  <leader>01816nam a22002897a 4500</leader>
  <datafield tag="999" ind1=" " ind2=" ">
    <subfield code="c">21897</subfield>
    <subfield code="d">21897</subfield>
  </datafield>
  <controlfield tag="003">AR-CdUCM</controlfield>
  <controlfield tag="008">190425b           ||||| |||| 00| 0 spa d</controlfield>
  <datafield tag="040" ind1=" " ind2=" ">
    <subfield code="a">MUNICIPALIDAD PROVINCIAL DEL CUSCO</subfield>
    <subfield code="c">BIBLIOTECA MUNICIPAL DEL CUSCO</subfield>
  </datafield>
  <datafield tag="082" ind1=" " ind2=" ">
    <subfield code="a">Rev.DIMA/N&#xB0;2/1937</subfield>
  </datafield>
  <datafield tag="110" ind1=" " ind2=" ">
    <subfield code="a">Instituto Arqueol&#xF3;gico del Cuzco</subfield>
    <subfield code="9">30920</subfield>
  </datafield>
  <datafield tag="245" ind1=" " ind2=" ">
    <subfield code="a">Revista del Instituto Arqueol&#xF3;gico /</subfield>
    <subfield code="c">Luis A. Pardo, director, Universidad Nacional del Cusco</subfield>
  </datafield>
  <datafield tag="260" ind1=" " ind2=" ">
    <subfield code="a">Cusco :</subfield>
    <subfield code="b">H.G. Rozas,</subfield>
    <subfield code="c">1937.</subfield>
  </datafield>
  <datafield tag="300" ind1=" " ind2=" ">
    <subfield code="a">98 p&#xE1;ginas. :</subfield>
    <subfield code="c">21 cm.</subfield>
  </datafield>
  <datafield tag="440" ind1=" " ind2=" ">
    <subfield code="a">Revista del Instituto Arqueol&#xF3;gico.</subfield>
    <subfield code="n">A&#xF1;o II, primer semestre, 1937. N&#xB0;2.</subfield>
    <subfield code="9">46727</subfield>
  </datafield>
  <datafield tag="505" ind1=" " ind2=" ">
    <subfield code="a">Contenido: Arqueolog&#xED;a. -- Exposici&#xF3;n de las ruinas del Santuario de Huiraccocha. Luis A. Pardo. -- Cr&#xF3;nicas de Chumbivilcas apuntes de mi diario de viaje. Luis M&#xE1;rquez Eyzaguirre. -- Historia. -- Do&#xF1;a Leonor de Soto. Juan A. Casanova. -- El Congreso Confederal de 1837. Juli&#xE1;n Santisteban Ochoa. -- Imprescriptibles t&#xED;tulos de los Derechos del Per&#xFA; a las regiones territoriales que nos disputa la vecina Rep&#xFA;blica del Ecuador. Ambrosio Morales. -- El Chasqui. Maximiliano Rend&#xF3;n. -- Ruindad del compadre. &#xC1;ngel Carre&#xF1;o. -- Antropolog&#xED;a. -- Notas sobre la Antropolog&#xED;a. V&#xED;ctor M. Pilares Polo. -- Filolog&#xED;a. -- Aportes para una gram&#xE1;tica cjeswa. S. Astete Ch. -- Arte. -- La m&#xFA;sica en el Per&#xFA; y el maestro Alberto Villalba Mu&#xF1;iz. S. Astete Ch.</subfield>
  </datafield>
  <datafield tag="650" ind1=" " ind2=" ">
    <subfield code="a">Arqueolog&#xED;a cusque&#xF1;a</subfield>
    <subfield code="9">9322</subfield>
  </datafield>
  <datafield tag="650" ind1=" " ind2=" ">
    <subfield code="a">Arquitectura Inka</subfield>
    <subfield code="9">45226</subfield>
  </datafield>
  <datafield tag="650" ind1=" " ind2=" ">
    <subfield code="a">Inkas</subfield>
    <subfield code="9">1899</subfield>
  </datafield>
  <datafield tag="650" ind1=" " ind2=" ">
    <subfield code="a">Confederaci&#xF3;n Per&#xFA; boliviana</subfield>
    <subfield code="9">29846</subfield>
  </datafield>
  <datafield tag="650" ind1=" " ind2=" ">
    <subfield code="a">Raqchi</subfield>
    <subfield code="9">45892</subfield>
  </datafield>
  <datafield tag="650" ind1=" " ind2=" ">
    <subfield code="a">Centros arqueol&#xF3;gicos</subfield>
    <subfield code="9">3230</subfield>
  </datafield>
  <datafield tag="700" ind1=" " ind2=" ">
    <subfield code="a">Pardo, Luis A</subfield>
    <subfield code="9">25736</subfield>
  </datafield>
  <datafield tag="700" ind1=" " ind2=" ">
    <subfield code="a">Carre&#xF1;o, &#xC1;ngel </subfield>
    <subfield code="9">27901</subfield>
  </datafield>
  <datafield tag="710" ind1=" " ind2=" ">
    <subfield code="a">Universidad Nacional de San Antonio Abad del Cusco</subfield>
    <subfield code="9">15942</subfield>
  </datafield>
  <datafield tag="942" ind1=" " ind2=" ">
    <subfield code="2">ddc</subfield>
    <subfield code="c">PP</subfield>
  </datafield>
  <datafield tag="945" ind1=" " ind2=" ">
    <subfield code="a">rac</subfield>
  </datafield>
  <datafield tag="952" ind1=" " ind2=" ">
    <subfield code="0">0</subfield>
    <subfield code="2">ddc</subfield>
    <subfield code="4">0</subfield>
    <subfield code="7">0</subfield>
    <subfield code="a">HEM</subfield>
    <subfield code="b">HEM</subfield>
    <subfield code="c">CART</subfield>
    <subfield code="d">2021-09-27</subfield>
    <subfield code="g">10.00</subfield>
    <subfield code="o">Rev.DIMA/N&#xB0;2/1937</subfield>
    <subfield code="p">REVC000347</subfield>
    <subfield code="r">2021-09-27</subfield>
    <subfield code="y">PP</subfield>
  </datafield>
</record>
